LEADER 00889nam0-22003011i-450- 001 990000080830403321 035 $a000008083 035 $aFED01000008083 035 $a(Aleph)000008083FED01 035 $a000008083 100 $a20011111d--------km-y0itay50------ba 101 0 $aita 105 $ay-------001yy 200 1 $aFreins continus pour chemins de fer$efrein à vide automatique, sa comparaison avec les autres freins continus$fR.Bonnin. 210 $aParis$cImpremiere Chaix$d1888 215 $aVIII, 166 p., 6 tav.$cill.$d23 cm 610 0 $aTreni$aFreni 610 0 $aFreni 676 $a625.25 700 1$aBonnin,$bR.$0332580 801 0$aIT$bUNINA$gRICA$2UNIMARC 901 $aBK 912 $a990000080830403321 952 $a13 AR 21 C 41$b3882$fFINBC 959 $aFINBC 996 $aFreins continus pour chemins de fer$9110238 997 $aUNINA DB $aING01 LEADER 01013nas 2200325-a 450 001 9910890824003321 005 20260218112633.0 035 $a(CKB)1000000000310755 035 $a(CONSER)--2006240469 035 $a(DE-599)ZDB3030523-8 035 $a(DE-599)3030523-8 035 $a(EXLCZ)991000000000310755 100 $a20060410a20019999 --- - 101 0 $aspa 200 00$aConversus $erevista del Instituto Politécnico Nacional 210 $aMéxico, D.F. $cInstituto Politécnico Nacional 215 $a1 online resource 311 08$aPrint version: Conversus : 1665-2665 (DLC)--2006240469 (OCoLC)66129671 606 $aScience$vPeriodicals 606 $aScience$zMexico$vPeriodicals 606 $aScience$vPopular works$vPeriodicals 615 0$aScience 615 0$aScience 615 0$aScience 712 02$aInstituto Polite?cnico Nacional (Mexico) 906 $aJOURNAL 912 $a9910890824003321 920 $aexl_impl conversion 996 $aConversus$94248546 997 $aUNINA